| 000 | 01723cam a2200493 a 4500 | ||
|---|---|---|---|
| 999 |
_c23925 _d23925 |
||
| 001 | vtls010326529 | ||
| 005 | 20250924105730.0 | ||
| 008 | 240314s2012 xr ba g 001 0 slo | ||
| 020 |
_a9788073609863 _q(brož.) |
||
| 035 | _aurn:nbn:sk:snk-am00a05g | ||
| 035 | _aurn:nbn:sk:snk-am3hbvs | ||
| 035 | _a2F2FBBA0-0C1A-46E9-A1B7-EB43CCF7CC1C | ||
| 040 |
_aSVKBB _bslo _cSVKBB _dSNK _eAACR2 |
||
| 041 | 1 |
_aslo _beng |
|
| 044 |
_axr _cCZ |
||
| 072 | 7 |
_a355/359 _xVojenstvo. Obrana krajiny. Ozbrojené sily _2konspekt |
|
| 072 | 7 |
_a94(437) _xDejiny Česka a Slovenska _2konspekt |
|
| 080 |
_a355.4(091) _22001 |
||
| 080 |
_a355.081 _22001 |
||
| 080 |
_a94(437.6) _22001 |
||
| 080 |
_a(437.6) _22001 |
||
| 080 |
_a(048.8) _22001 |
||
| 100 | 1 |
_aDangl, Vojtech, _d1937-2018 _4aut _94816 |
|
| 245 | 1 | 0 |
_aVojvodcovia _b111 osobností vojenských dejín Slovenska _cVojtech Dangl, Vladimír Segeš ; [register Martina Kočí] |
| 246 | 3 | 0 | _a111 osobností vojenských dejín Slovenska |
| 246 | 3 | 0 | _aSto jednásť osobností vojenských dejín Slovenska |
| 260 |
_aPraha _bOttovo nakladatelství _c2012 |
||
| 300 |
_a472 s. _bilustr. _c24 cm |
||
| 650 | 0 | 7 |
_avojenské dejiny _2SNKPH _94817 |
| 650 | 0 | 7 |
_avojvodcovia _2SNKPH _94818 |
| 650 | 0 | 7 |
_aMilitary history _2SNKPHeng _94819 |
| 650 | 0 | 7 |
_aMilitary leaders _2SNKPHeng _94820 |
| 651 | 7 |
_aSlovensko _2SNKPH _91613 |
|
| 651 | 7 |
_aSlovakia _2SNKPHeng _91614 |
|
| 655 | 7 |
_amonografie _2SNKPH _91661 |
|
| 655 | 7 |
_aMonographs _2SNKPHeng _91662 |
|
| 700 | 1 |
_aSegeš, Vladimír, _d1950- _4aut _94821 |
|
| 700 | 1 |
_aKočí, Martina, _d1979- _4oth _94822 |
|
| 958 | _aZS | ||
| 958 | _aCZ | ||
| 958 | _aNB | ||
| 958 | _aBX | ||